00479nam a2200133Ia 4500008004100000020003000041082001600071100002400087245006600111260004900177300004200226650005500268852002200323190805s9999||||xx |||||||||||||| ||und|| a9788187966852cRs. 880.0004a577.7bP1741 aPaleri, Prabhakaran10aMarine Environment : management and people's participation /  aNew Delhi : bKW Publishers Pvt. Ltd.,c2009 axiii, 336 p.b : ill., mapc; 25 cm.  0aMarine ecosystem managementxCitizen participation aIMU Kochi Library